000 00982cam a22002777a 4500
001 3260
005 20251027162108.0
020 _a9780061885211
040 _aDLC
_cDLC
_beng
050 0 0 _aPZ7.T85486
082 _a303
100 1 _aTurner, Katharine
245 1 0 _aBatman :
_cby Turner, Katharine; pictures by Gordon, Steven E. ; colors by Gordon, Eric A.
_bReptile rampage /
250 _aFirst Edition
260 _aNew York :
_bHarperCollins Publishers ,
_c2012
300 _a32 pages :
_bcolor illustrations ;
_c24 cm.
490 0 _aI can read
_vLevel 2
505 _aF
520 _aA Gotham City hospital is being terrorized by Killer Croc, and it's up to Batman to save the day! Can the Caped Crusader clean the city sewers of this rotten reptile?
521 _a300
_bLexile
521 _aF
_bRaz-Plus
650 _asuperheroes
_vfiction
700 1 _aGordon, Steven E
906 _a7
_bcbc
_corignew
_d4
_eepcn
_f20
_gy-gencatlg
942 _2ddc
_cBK
_n0
999 _c3260
_d3260